000
00287nam a2200097Ia 4500
082
_a
635.903 SPEN
245
0
_a
Royal Horticultural Society garden plants and flowers
100
_a
SPENCE, Ian London, 2003
_9
96551
942
_c
BK
008
210817s9999 xx 000 0 und d
999
_c
406150
_d
406149